UBT Library

A coursebook on scientific and professional writing for speech-language pathology / (Record no. 44146)

000 -LEADER
fixed length control field 00956cam a2200289 i 4500
001 - CONTROL NUMBER
control field 19780918
005 - DATE AND TIME OF LATEST TRANSACTION
control field 20180306043310.0
008 - FIXED-LENGTH DATA ELEMENTS--GENERAL INFORMATION
fixed length control field 170710s2018 cau b 001 0 eng
010 ## - LIBRARY OF CONGRESS CONTROL NUMBER
LC control number 2017032802
020 ## - INTERNATIONAL STANDARD BOOK NUMBER
International Standard Book Number 9781944883089 (pbk : alk. paper)
020 ## - INTERNATIONAL STANDARD BOOK NUMBER
International Standard Book Number 1944883088 (pbk : alk. paper)
035 ## - SYSTEM CONTROL NUMBER
System control number (DNLM)101709113
040 ## - CATALOGING SOURCE
Original cataloging agency DNLM/DLC
Transcribing agency DLC
Description conventions rda
Modifying agency DLC
041 ## - LANGUAGE CODE
Language code of text/sound track or separate title eng
042 ## - AUTHENTICATION CODE
Authentication code pcc
060 10 - NATIONAL LIBRARY OF MEDICINE CALL NUMBER
Classification number WZ 345
080 ## - UNIVERSAL DECIMAL CLASSIFICATION NUMBER
Universal Decimal Classification number 616.855 WAS
082 00 - DEWEY DECIMAL CLASSIFICATION NUMBER
Classification number 616.855 WAS
Edition number 23
100 1# - Rafti
Rafti 48
101 ## - Shkurtesa
Shkurtesa PSI
245 12 - TITLE STATEMENT
Title A coursebook on scientific and professional writing for speech-language pathology /
Statement of responsibility, etc M. N. Hegde, PhD, California State University-Fresno.
246 1# - VARYING FORM OF TITLE
Title proper/short title Scientific and professional writing for speech-language pathology
504 ## - BIBLIOGRAPHY, ETC. NOTE
Bibliography, etc Includes bibliographical references and index.
906 ## - LOCAL DATA ELEMENT F, LDF (RLIN)
a 7
b cbc
c orignew
d 1
e ecip
f 20
g y-gencatlg
942 ## - ADDED ENTRY ELEMENTS (KOHA)
Source of classification or shelving scheme
Item type Books
Holdings
Withdrawn status Lost status Source of classification or shelving scheme Damaged status Not for loan Collection code Permanent location Current location Shelving location Date acquired Total Checkouts Full call number Barcode Date last seen Price effective from Koha item type
          Koleksioni i përgjithshem UBT - Lipjan UBT - Lipjan Koleksioni i përgjithshem 03/06/2018   616.855 WAS 002-3001218 03/06/2018 03/06/2018 Books
UBT Library © 2015-2024. All rights reserved University Education for Business and Technology